Nuevo liberalismo / (Record no. 130360)

MARC details
000 -LEADER
campo de control de longitud fija 00753nam a2200253 i 4500
001 - NÚMERO DE CONTROL
campo de control 130360
003 - IDENTIFICADOR DE NÚMERO DE CONTROL
campo de control ES-MaACL
005 - FECHA Y HORA DE LA ÚLTIMA TRANSACCIÓN
campo de control 20250728095019.0
007 - CAMPO FIJO DE DESCRIPCIÓN FÍSICA--INFORMACIÓN GENERAL
campo de control de longitud fija t|
008 - DATOS DE LONGITUD FIJA--INFORMACIÓN GENERAL
campo de control de longitud fija 070726s1930 sp ||||1| spa d
080 ## - NÚMERO DE LA CLASIFICACIÓN DECIMAL UNIVERSAL
Número de la Clasificación Decimal Universal 329.12(460)
100 1# - ENTRADA PRINCIPAL--NOMBRE DE PERSONA
Nombre de persona Zambrano, María,
Fechas asociadas al nombre 1904-1991
9 (RLIN) 117914
245 10 - MENCIÓN DEL TÍTULO
Título Nuevo liberalismo /
Mención de responsabilidad, etc. María Zambrano.
246 34 - FORMA VARIANTE DEL TITULO
Título propio/Titulo breve Horizonte del liberalismo
250 ## - MENCION DE EDICION
Mención de edición 1ª ed.
260 ## - PUBLICACIÓN, DISTRIBUCIÓN, ETC.
Lugar de publicación, distribución, etc. Madrid :
Nombre del editor, distribuidor, etc. Javier Morata,
Fecha de publicación, distribución, etc. 1930 (
Fabricante J. Pueyo)
300 ## - DESCRIPCIÓN FÍSICA
Extensión 139 p. ;
Dimensiones 17 cm.
490 1# - MENCIÓN DE SERIE
Mención de serie Nueva generación
650 07 - PUNTO DE ACCESO ADICIONAL DE MATERIA--TÉRMINO DE MATERIA
Término de materia o nombre geográfico como elemento de entrada Liberalismo
Fuente del encabezamiento o término embne
9 (RLIN) 14386
650 04 - PUNTO DE ACCESO ADICIONAL DE MATERIA--TÉRMINO DE MATERIA
Término de materia o nombre geográfico como elemento de entrada Liberalismo-
Subdivisión geográfica España.
9 (RLIN) 14388
830 0# - PUNTO DE ACCESO ADICIONAL DE SERIE-TÍTULO UNIFORME
Título uniforme Nueva generación
9 (RLIN) 219451
852 ## - LOCALIZACIÓN
Ubicación ES-MaACL
Número de control de estantería R-3129
Encuadernación Olim:B-6124
Holdings
Estatus retirado Estado de pérdida Estado de daño No para préstamo Biblioteca de origen Biblioteca actual Ubicación en estantería Fecha de adquisición Fuente de adquisición Total de préstamos Signatura topográfica completa Código de barras Visto por última vez Precio de reemplazo Tipo de ítem Koha
        Biblioteca del Ateneo de Madrid Biblioteca del Ateneo de Madrid Depósito 17/01/2008     R-3129 1135734 23/02/2023 23/02/2023 Libro impreso